000 00269nam a22001217a 4500
008 170908b xxu||||| |||| 00| 0 eng d
041 _aeng
080 _a52
100 _a42
101 _aAST
245 _aENCYCLOPEDIA SCIENCE SUPLEMENT
_cMARTIN,L.A
942 _2udc
_cBK
999 _c26900
_d26900